000 00720nam a2200217 i 4500
001 130139
003 ES-MaACL
005 20250612184446.0
007 t|
008 070719s1953 sp ||||1| spa d
100 1 _aZweig, Stefan,
_d1881-1942
_9118562
245 1 3 _aLa institutriz
_b: . Buchmendel . El refugiado . La colección invisible /
_cpor Stefan Zweig ; ilustraciones de Lorenzo Goñi.
250 _a[1ª ed.].
260 _aBarcelona :
_bJuventud,
_c[1953] (
_fHostench)
300 _a125 p. ;
_c18 cm.
490 1 _aTiempos y climas
700 1 _aGoñi, Lorenzo,
_d1911-1992
_959083
830 0 _aTiempos y climas
_9186801
852 _aES-MaACL
_jC-6278
_bR.35273
999 _c130139
_d130139